| 000 | 00354nam a22001337a 4500 | ||
|---|---|---|---|
| 999 |
_c14001 _d14001 |
||
| 020 | _a978-1-119-59995-1 | ||
| 082 | _a615.1 | ||
| 100 | _aGerard A. McKay, Matthew R. Walters, Neil D. Ritchie | ||
| 245 | _aClinical Pharmacology and Therapeutics | ||
| 250 | _a10th edition | ||
| 260 |
_aUSA _bJohn Wiley & Sons _c2019 |
||
| 300 | _a305 pages | ||
| 942 | _cBK | ||